Random Multiple Choice Food Trivia in 30 Seconds - Statistics

General Stats
  • This quiz has been taken 16 times
  • The average score is 4 of 10
Answer Stats
Question Answer % Correct
Farmed salmon is generally dyed what colour? Pink
83%
Do lemons have more or less sugar than strawberries? More
58%
What is a single spaghetti noodle called? A spaghetto
50%
What was the first food to be grown in space? Potato
50%
What is the world's top-selling spice? Pepper
42%
What country drinks the most coffee per capita? Finland 🇫🇮
25%
How many hamburgers does Macdonalds sell every day, on average? 6.5 billion
17%
Last but not least... Bananas are fruit, but are they berries? Yes
17%
What is the world's most popular fruit? Banana (obviously)
8%
Do oranges have more vitamin C than peppers? No
8%
No matching quizzes found
Score Distribution
Percent of People with Each Score
Percentile by Number Answered
Your Score History
You have not taken this quiz